Roald Dahl's revolting recipes / (Record no. 2965)

MARC details
000 -LEADER
fixed length control field 01360cam a2200373 a 4500
001 - CONTROL NUMBER
control field 2965
003 - CONTROL NUMBER IDENTIFIER
control field FISKH
005 - DATE AND TIME OF LATEST TRANSACTION
control field 20240126104054.0
008 - FIXED-LENGTH DATA ELEMENTS--GENERAL INFORMATION
fixed length control field 940810s1994 nyua j 000 0 eng d
010 ## - LIBRARY OF CONGRESS CONTROL NUMBER
LC control number 94076366
020 ## - INTERNATIONAL STANDARD BOOK NUMBER
International Standard Book Number 0670858366 :
020 ## - INTERNATIONAL STANDARD BOOK NUMBER
International Standard Book Number 9780545162166
035 ## - SYSTEM CONTROL NUMBER
System control number (OCoLC)31452139
040 ## - CATALOGING SOURCE
Original cataloging agency OCo
Transcribing agency OCo
Modifying agency DLC
Language of cataloging eng
042 ## - AUTHENTICATION CODE
Authentication code lccopycat
-- lcac
050 00 - LIBRARY OF CONGRESS CALL NUMBER
Classification number TX652.5
Item number .D34 1994
082 00 - DEWEY DECIMAL CLASSIFICATION NUMBER
Classification number 641.5/622
Edition number 20
100 1# - MAIN ENTRY--PERSONAL NAME
Personal name Dahl, Roald.
240 10 - UNIFORM TITLE
Uniform title Revolting recipes
245 10 - TITLE STATEMENT
Title Roald Dahl's revolting recipes /
Statement of responsibility, etc. illustrated by Quentin Blake ; with photographs by Jan Baldwin ; recipes compiled by Josie Fison and Felicity Dahl.
250 ## - EDITION STATEMENT
Edition statement This edition published in 1997
260 ## - PUBLICATION, DISTRIBUTION, ETC.
Place of publication, distribution, etc. New York :
Name of publisher, distributor, etc. Puffin Books,
Date of publication, distribution, etc. 1994.
300 ## - PHYSICAL DESCRIPTION
Extent 61 pages :
Other physical details color illustrations ;
Dimensions 25 cm.
505 ## - FORMATTED CONTENTS NOTE
Formatted contents note P<br/>
520 ## - SUMMARY, ETC.
Summary, etc. For use in schools and libraries only. Offers simple, step-by-step recipes for dishes mentioned in Roald Dahl's works, including such delicacies as "Bruce Bogtrotter's Sensational Chocolate Cake" and "Stinkbug Eggs.
521 8# - TARGET AUDIENCE NOTE
Target audience note 650<br/>
Source Lexile<br/>
521 8# - TARGET AUDIENCE NOTE
Target audience note P<br/><br/>
Source Raz-Plus<br/>
650 #0 - SUBJECT ADDED ENTRY--TOPICAL TERM
Topical term or geographic name entry element Cooking
Form subdivision Juvenile literature.
650 #1 - SUBJECT ADDED ENTRY--TOPICAL TERM
Topical term or geographic name entry element Cooking.
650 #1 - SUBJECT ADDED ENTRY--TOPICAL TERM
Topical term or geographic name entry element Literary cookbooks.
700 1# - ADDED ENTRY--PERSONAL NAME
Personal name Blake, Quentin,
Relator term illustrator
906 ## - LOCAL DATA ELEMENT F, LDF (RLIN)
a 7
b cbc
c copycat
d 2
e opcn
f 19
g y-gencatlg
942 ## - ADDED ENTRY ELEMENTS (KOHA)
Source of classification or shelving scheme Dewey Decimal Classification
Koha item type Books
Suppress in OPAC No
Holdings
Withdrawn status Lost status Source of classification or shelving scheme Damaged status Not for loan Collection Home library Current library Shelving location Date acquired Total Checkouts Full call number Barcode Date last seen Price effective from Koha item type
    Dewey Decimal Classification     Non-Fiction Footprints International School Library Network Toul Kork Campus Footprints International School Library Network Toul Kork Campus TK Primary Library Room(4th Floor), Bookcase 5&6, Shelves 33-56, Orange Books 01/26/2024   DAL 641.5123 TX652.D34 FISTK01678 01/26/2024 01/26/2024 Books